Представление документа в формате MARC21

ПолеНазваниеЗначение
  Тип записи a
  Библиографический уровень m
001 Контрольный номер RU/URAIT/566223
005 Дата корректировки 20260429163638.9
008 Кодируемые данные 260429s2025 RU y f j 000 0 rus u
020 Индекс ISBN __
a ISBN 978-5-534-20237-3
c Цена, тираж 1629.00
040 Источник каталогиз. __
a Служба первич. каталог. ИКО Юрайт
c Служба, преобразующая запись ИКО Юрайт
e Правила каталог. RCR
041 Код языка издания __
a Код языка текста rus
044 Код страны публикации __
a Код страны публикации RU
080 Индекс УДК __
a Индекс УДК 355(075.8)
084 Индекс другой классификации/Индекс ББК __
2 Источник индекса rubbk
a Индекс другой классификации/Индекс ББК 68.4я73
100 Автор __
a Автор Кутепов В. А.
q Полное имя Кутепов Виктор Анатольевич
245 Заглавие __
a Заглавие Военная история
b Продолж. заглавия учебник для вузов
c Ответственность В. А. Кутепов, К. А. Грымзин, В. А. Масляков.
250 Сведения об издании __
g пер. и доп
a Основные сведения об издании 3-е изд.
256 Характеристики компьютерного файла __
a Характеристики компьютерного файла Электрон. дан.
260 Выходные данные __
a Место издания Москва
b Издательство Юрайт
c Дата издания 2025
300 Физическое описание __
a Объем 301 с
440 Серия __
a Серия Высшее образование
500 Примечания __
a Примечание URL: https://urait.ru/bcode/566223 (дата обращения: 29.04.2026).
520 Аннотация __
a Аннотация Курс содержит лекции по военной истории Российского государства, рассказывающие об этапах формирования и модернизации армии, наиболее значимых сражениях и войнах, знаменитых военачальниках и воинских традициях. Приведены краткие сведения о военных реформах, вооружении, способах ведения боевых действий с XVI в. до наших дней. Особое внимание уделено морально-нравственным аспектам армейских традиций, их воспитательной функции. Курс адресован студентам военных кафедр, курсантам военно-учебных заведений и всем интересующимся военной историей России.
538 Прим. о системных особенностях __
a Прим. о системных особенностях Режим доступа: Электронно-библиотечная система Юрайт, для авториз. пользователей
653 Ключевые слова __
a Ключевые слова Теория и методика истории. Археология
653 Ключевые слова __
a Ключевые слова Общественные науки
653 Ключевые слова __
a Ключевые слова Военная история
653 Ключевые слова __
a Ключевые слова Военная история России
700 Другие авторы __
a Другие авторы Грымзин К. А.
q Полное имя Грымзин Константин Анатольевич
700 Другие авторы __
a Другие авторы Масляков В. А.
q Полное имя Масляков Владимир Анатольевич
856 Электронный адрес документа 40
n Местонахождение сервера Юрайт
g Электронная книга
q Тип электронного формата html
h Имя пользователя ЮРАЙТ
v Часы доступа к ресурсу 20271231
2 Способ доступа Показать документ
x Служебное примечание https://urait.ru/book/cover/76FF4BEB-DD08-4193-BC64-6CB265299D3F
u URL https://urait.ru/bcode/566223
856 Электронный адрес документа 48
q Тип электронного формата cover
u URL https://urait.ru/book/cover/76FF4BEB-DD08-4193-BC64-6CB265299D3F
911 __
u 0030=https://urait.ru/bcode/566223
911 __
u 073a=9785534202373
u 073d=1629.00
911 __
u 106a=s
911 __
u 900l=
952 Тип литературы __
i Дисциплина Военная история
952 Тип литературы __
i Дисциплина Военная история России